| 000 | 01093nam2a22002651 4500 | ||
|---|---|---|---|
| 001 | v19\rc\1481767 | ||
| 005 | 20250618192922.0 | ||
| 035 | _a(NLR Aleph) 004679636 | ||
| 090 |
_a3789114 _c3789114 |
||
| 100 | _a20060620d1882 |||y0rusy50 ca | ||
| 101 | 1 |
_arus _clat |
|
| 102 | _aRU | ||
| 105 | _ay z ||||| | ||
| 200 | 1 |
_a[Толкование на пророка Исаию] _e[Кн. 1-8] |
|
| 210 |
_d1882 _aБ. м. |
||
| 215 | _a[4], 458 с. | ||
| 461 | 0 |
_1001v19\rc\1481760 _12001#$aТворения блаженного Иеронима Стридонского$vЧ. 7 _1700#0$aИероним Блаженный$fок.340-420$3RU\NLR\AUTH\779243 _93789037 _aИероним Блаженный (ок.340-420) _cКиев _d1879- _oЧ. 1- _tТворения блаженного Иеронима Стридонского _vЧ. 7 |
|
| 540 | 1 | _aТолкование на пророка Исаию | |
| 702 | 0 |
_aИсай _cпророк _4570 |
|
| 801 | 0 |
_aRU _bNLR _gpsbo |
|
| 801 | 1 |
_aRU _bProSoft-M _2rusmarc |
|
| 852 |
_aNLR _j18.252.2.1(кн.13, ч.7) |
||
| 942 | _cBOOK | ||
| 980 | _aNB | ||